000 00984nam a2200241 a 4500
001 000024313
003 DO-SdBNP
005 20250625103756.0
008 110126s1993 dr r 000 0 spa d
040 _aDO-SdBNP
_bspa
_cBNPHU
082 4 _a304.64
_bJ61m
100 1 _aJiménez, Ramón Orlando
_97314
245 1 0 _aMortalidad infantil y de sus componentes mediante el método del hijo previo en las provincias de la Vega, Espaillat y Peravia /
_cRamón Orlando Jiménez, Bienvenida Rodríguez, Yoni Espinal.
260 _aSanto Domingo :
_bSESPAS,
_bCONAPOFA,
_c1993.
300 _aviii, 41 p. ;
_c29 cm.
500 _aIncluye referencias bibliográficas y notas al pie de las páginas
504 _aBibliografía : p. 43-45
590 _aInventariado, 2018/VM
700 1 2 _aRodríguez, Bienvenida
_949888
700 1 2 _aEspinal, Yoni
_949889
710 1 _aRepública Dominicana.
_b Secretaria de Estado de Salud Pública y Asistencia Social (2001)
_956549
942 _2ddc
_cLBS1
999 _c23806
_d23806